15 Largest Cities In Scandinavia - Statistics

General Stats
  • This quiz has been taken 71 times
  • The average score is 10 of 15
Answer Stats
Answer % Correct
Helsinki
100%
Stockholm
100%
Copenhagen
99%
Oslo
97%
Malmö
90%
Bergen
87%
Gothenburg
76%
Aarhus
66%
Turku
60%
Tampere
56%
Trondheim
54%
Espoo
49%
Oulu
43%
Odense
41%
Vantaa
27%
No matching quizzes found
Score Distribution
Percent of People with Each Score
Percentile by Number Answered
Your Score History
You have not taken this quiz